00401nam a2200157Ia 4500008004100000020001500041082001500056100001700071245005000088250000800138260002900146300001000175500002500185650001200210700002100222230524s9999 xx 000 0 und d a8178081032 a5.133bAHO aAlfred V.Aho 4aThe Design and Anlysis of Computer Algorithms a1ST aNEW DELHIbPearsonc2002 aX;470 aQuantity Number: 14 aComp-Sc a John E.Hopcraft